Statystyki dla Państwa z przynajmniej dwoma literami „E”

Kliknij tutaj aby rozwiązać quiz!

Ogólne statystyki

  • Ten quiz został rozwiązany 221 razy
    (73 od ostatniego zresetowania)
  • Średni wynik to 7 z 17

Statystyki odpowiedzi

Państwo% Poprawnych
Stany Zjednoczone
67%
Republika Południowej Afryki
63%
Zjednoczone Emiraty Arabskie
63%
Erytrea
61%
Wenezuela
61%
Demokratyczna Republika Konga
60%
Republika Zielonego Przylądka
42%
Senegal
42%
Seszele
42%
Wybrzeże Kości Słoniowej
42%
Jemen
30%
Belize
28%
Liechtenstein
26%
Bośnia i Hercegowina
25%
Azerbejdżan
21%
Saint Vincent i Grenadyny
21%
Sierra Leone
21%

Rozkład punktacji

Percentyl według liczby udzielonych odpowiedzi

Procent ludzi z każdym wynikiem

Twoja historia wyników

Nie rozwiązałeś tego quizu od ostatniego zresetowania